Statistics for Random Geography

Click here to take the quiz!

General Stats

  • This quiz has been taken 18 times
  • The average score is 16 of 18

Answer Stats

QuestionTileSelect% Correct
Which countries are in Asia ?AustraliaNo
100%
Which countries are in Asia ?BrazilNo
100%
Which countries are in Asia ?IndiaYes
100%
Which countries are in Asia ?JapanYes
100%
Which of the following are Rivers ?Lac LemanNo
100%
Which countries are in Asia ?MongoliaYes
100%
Which of the following are Rivers ?NileYes
100%
Which countries are in Asia ?RomaniaNo
100%
Which of the following are Rivers ?BaikalNo
94%
Which of the following are Rivers ?NigerYes
94%
Which countries are in Asia ?PhilipinesYes
94%
Which of the following are Rivers ?TiticacaNo
94%
Which of the following are Rivers ?VolgaYes
94%
Which countries are in Asia ?AzerbaijanYes
88%
Which of the following are Rivers ?PoYes
88%
Which of the following are Rivers ?KivuNo
76%
Which countries are in Asia ?ArmeniaYes
71%
Which of the following are Rivers ?KaveriYes
24%

Score Distribution

Percentile by Number Answered

Percent of People with Each Score

Your Score History

You have not taken this quiz